000
00267nam a22001097a 4500
999
_c
260948
_d
260947
020
_a
9780590216944
100
_a
David A. Adler
245
_a
Cam Jansen and the Mystery at the Haunted House
260
_a
New York
_b
Scholastic
_c
1992
300
_a
58 pgs
942
_c
BK